000 01254cam a2200277 i 4500
003 SA-RiAUC
005 20250324125826.0
008 250321s1998 su g b 000 0 ara c
020 _a9960032132
040 _aSA-RiAUC
_bara
_cSA-RiAUC
_erda
082 0 4 _a212
_qSA-RiAUC
090 _a212
_bج ا ن
100 1 _aجان، محمد صالح بن علي،
_d1365 هجري-
_eمؤلف.
245 1 2 _aالأهداف التربوية :
_bمصادر اشتقاقها وطرق صياغتها في البلد المسلم /
_cمحمد صالح بن علي جان.
264 1 _aمكة المكرمة :
_bجامعة أم القرى، معهد البحوث العلمية وإحياء التراث الإسلامي،
_c1998
300 _a128 صفحة ؛
_c24 سم.
336 _aنص
_btxt
_2rdacontent
_3كتاب
337 _aبدون وسيط
_bn
_2rdamedia
338 _aمجلد
_bnc
_2rdacarrier
490 0 _aسلسلة بحوث التعليم الإسلامي
504 _aببليوجرافية : صفحة 123-127.
650 7 _aالتربية الإسلامية
_xدراسة وتعليم
_xمناهج
_2aucsh
650 7 _aالتربية الإسلامية
_xمناهج
_2aucsh
942 _2ddc
_cBOOK
_n0
949 _aSA-JeALM
_d250321
_umohamedma123
_n1
999 _c6605
_d6605